00348nam a2200145 4500020001800000082001400018100001800032245003400050250000600084260004200090300001000132650002000142650002500162650001500187 a9789359623849 aM3bSON/S aSonia Cherian aSnow lotus/cby Sonia Cherian a8 aKozhikode:bMathrubhumi Books,c2025. a304p. aNovel Malayalam aLiterature Malayalam aLiterature